<The> Penguin english dictionary
Guardado en:
| Autor principal: | |
|---|---|
| Otros Autores: | |
| Formato: | Libro |
| Lenguaje: | inglés |
| Publicado: |
Harmondsworth
Penguin Books
1965
|
| Etiquetas: |
Sin Etiquetas, Sea el primero en etiquetar este registro!
|
MARC
| LEADER | 00000nam a2200000 4500 | ||
|---|---|---|---|
| 001 | c122657 | ||
| 005 | 20150325110632.9 | ||
| 041 | 0 | |a eng | |
| 044 | |a GB | ||
| 245 | 1 | 0 | |a <The> Penguin english dictionary |c G.N. Garmonsway, J. Simpson |
| 264 | 1 | |a Harmondsworth |b Penguin Books |c 1965 | |
| 300 | |a 799 s. | ||
| 100 | 1 | |a Garmonsway, G.N. | |
| 700 | 1 | |a Simpson, J. | |